000 00958naa a22002657a 4500
001 BR6100352
003 BR-BrBNA
005 20240918173232.0
007 ta
008 230509b bl.||||| |||| 00| 0 por d
040 _aBR-BrBNA
_bpor
_cBiblioteca Nacional de Agricultura
041 _a(Pt)
072 _aK10
_b3240
_bG514
090 _aK10 BR6100352
100 1 _aBastos, A. de M.
111 1 _a2. Conferencia Mundial do Eucalipto
_cSao Paulo, SP (Brazil)
_d13-28 Aug 1961
245 1 _aO eucalipto no Brasil [producao florestal]
260 3 _aRome (Italy):
_c1961.
500 _a2. Conferencia Mundial do Eucalipto. Relatorio e documentos. v. 1 Rome (Italy): 1961. p. 214-224 (BR6100352-AM)K10
650 _aEUCALIPTO
650 _aPRODUCAO FLORESTAL
773 0 _t2. Conferencia Mundial do Eucalipto. Relatorio e documentos. v. 1
_wK10 BR6100352
_gRome (Italy), 1961. p. 214-224
909 _a202404
_bLucia
_c55
_dLucia Elande
942 _cAM
_2AGRIS
999 _c303516
_d303516